| 000 | 00676nam a22001937a 4500 | ||
|---|---|---|---|
| 999 |
_c166687 _d166687 |
||
| 005 | 20190805110014.0 | ||
| 010 | _aUR-10338 | ||
| 020 |
_c200.00 _a9789386624666 |
||
| 035 | _aU-8893 | ||
| 037 | _bDBAD/PUB | ||
| 082 | _a841.08 | ||
| 100 | _aفر د و س شکيل | ||
| 245 |
_aسا جد ہ ز يد ی کی شعر ی با ز يا فت _cفر د و س شکيل |
||
| 246 |
_bSajida Zaidi ki Sheri Bazyaft (Urdu) _aby Firdaus Shakil |
||
| 260 |
_aDelhi _bEducational Publishing House _c2017 ء |
||
| 270 |
_a3191,Vakil Sreet Kucha Pandit Lal Kuan _bDelhi _e110006 _k23216162 _l- |
||
| 300 |
_a127 ص _c22 Cm(Hb) |
||
| 942 |
_2ddc _cUR _h841 _mز ے د |
||